000 00332nam a2200121Ia 4500
008 180309s9999 xx 000 0 und d
020 _a9780525952596
100 _aHalverson, Sere Prince
245 4 _aThe underside of joy /
260 _aUSA :
_b2012
_cPenguin group pub
300 _a377 pages
650 _aMother and child Fiction
999 _c356150
_d356150